| 000 | 00785nam a2200241 a 4500 | ||
|---|---|---|---|
| 001 | 1090 | ||
| 003 | BR-CuiBMT | ||
| 005 | 20231129014336.0 | ||
| 008 | 231128s2019 mtba 000 0 por d | ||
| 020 | _a9788579921261 | ||
| 040 |
_aBR-CuiBMT _cBR-CuiBMT |
||
| 080 |
_22007 _a929.52 _x(817.2) |
||
| 090 |
_a929.52(817.2) _bB273g |
||
| 100 | 1 | _aBarreto, Neila Maria Souza | |
| 245 | 1 | 0 |
_aGente que fez, gente que faz Cuiabá : _binventário de famílias pioneiras cuiabanas {primeira versão} / _cNeila Maria Souza. |
| 260 |
_aCuiabá : _bEntrelinhas, _c2019. |
||
| 300 |
_a351 p. : _bil. color. ; _c29 cm |
||
| 504 | _aInclui bibliografia. | ||
| 650 |
_aCuiabá (MT) _vGenealogia |
||
| 650 |
_aCuiabá (MT) _vHistória regional |
||
| 650 |
_aFamílias _zCuiabá (MT) |
||
| 942 |
_2udc _cLV |
||
| 999 |
_c1090 _d1090 |
||